| 000 | 00950nac a22002411u 4500 | ||
|---|---|---|---|
| 010 | _a 2003064081 | ||
| 020 | _a1402017596 (alk. paper) | ||
| 020 | _a1402017596 | ||
| 082 | 0 | 0 |
_a620.1 _bG259 |
| 090 |
_c2567 _d2567 |
||
| 100 | _a20080729 | ||
| 245 | 0 | 0 |
_aProblems of fracture mechanics and fatigue : a solution guide _ba solution guide / _ceditors, E.E. Gdoutos, C.A. Rodopoulos, J.R. Yates. |
| 260 |
_aBoston : _bKluwer Academic Publishers,2003 _c2003. |
||
| 300 |
_axxiv, 618 p. : _bill. ; _c25 cm. |
||
| 500 | _aIncludes index. | ||
| 650 | 0 |
_aFracture mechanics _vProblems, exercises, etc. |
|
| 650 | 0 |
_aMaterials _xFatigue _vProblems, exercises, etc. |
|
| 700 | 1 |
_aGdoutos, E. E., _d1948- |
|
| 700 | 1 | _aRodopoulos, C. A. | |
| 700 | 1 |
_aYates, J. R. _q(John R.) |
|
| 942 |
_cBB _k620.1G259 |
||
| 999 |
_c2567 _d2567 |
||